000 00425nam a2200157Ia 4500
008 210716s2012 xx 000 0 und d
020 _a9788180548994
041 _aeng
082 _a658.1599 JEEC
100 _aJeevanandam C.
245 _aForeign exchange practice concepts and control
250 _a1
260 _aNew Delhi
_bSultan chand & sons
_c2012
300 _axxii;33.13;A.16
650 _aInternational Finance
999 _c207260
_d207260